Institutional choices and labor market policy: a British-Swedish comparison (Record no. 24980)

000 -LEADER
fixed length control field 00562pab a2200181 454500
008 - FIXED-LENGTH DATA ELEMENTS--GENERAL INFORMATION
fixed length control field 180718b xxu||||| |||| 00| 0 eng d
100 ## - MAIN ENTRY--PERSONAL NAME
Personal name King Desmond S.
245 ## - TITLE STATEMENT
Title Institutional choices and labor market policy: a British-Swedish comparison
362 ## - DATES OF PUBLICATION AND/OR SEQUENTIAL DESIGNATION
Dates of publication and/or sequential designation 26(2) Jul 93, p.147-77
650 ## - SUBJECT ADDED ENTRY--TOPICAL TERM
Topical term or geographic name entry element Unemployment -- U.K.
650 ## - SUBJECT ADDED ENTRY--TOPICAL TERM
Topical term or geographic name entry element Labour Market -- Sweden
650 ## - SUBJECT ADDED ENTRY--TOPICAL TERM
Topical term or geographic name entry element Labour Market -- U.K.
650 ## - SUBJECT ADDED ENTRY--TOPICAL TERM
Topical term or geographic name entry element Unemployment -- Sweden
650 ## - SUBJECT ADDED ENTRY--TOPICAL TERM
Topical term or geographic name entry element Labour Relations -- U.K.
700 ## - ADDED ENTRY--PERSONAL NAME
Personal name Rothstein B.
773 ## - HOST ITEM ENTRY
Main entry heading Comparative Political Studies
909 ## -
-- 24980
Holdings
Withdrawn status Lost status Damaged status Not for loan Permanent Location Current Location Date acquired Barcode Date last seen Price effective from Koha item type
        Indian Institute of Public Administration Indian Institute of Public Administration 2018-07-19 AR25052 2018-07-19 2018-07-19 Articles

Powered by Koha